书目信息 |
| 题名: |
毛泽东与共和国重大历史事件
|
|
| 作者: | 萧心力 主编 | |
| 分册: | ||
| 出版信息: | 北京 人民出版社 2001 |
|
| 页数: | 493页 | |
| 开本: | 20cm | |
| 丛书名: | ||
| 单 册: | ||
| 中图分类: | A752 | |
| 科图分类: | ||
| 主题词: | ||
| 电子资源: | ||
| ISBN: | 7-01-003413-3 | |
| 000 | 00575nam0 2200193 45 | |
| 001 | 0404190913 | |
| 005 | 20040906145650.0 | |
| 010 | @a7-01-003413-3@dCNY26.00 | |
| 100 | @a20040419d2001 km y0chiy0120 ea | |
| 101 | 0 | @achi |
| 105 | @a z 000yy | |
| 200 | 1 | @a毛泽东与共和国重大历史事件@AMao Ze Dong Yu Gong He Guo Zhong Da Li ShiShi Jian@f萧心力主编@FXiao Xin Li Zhu Bian |
| 210 | @a北京@c人民出版社@d2001 | |
| 215 | @a493页@d20cm | |
| 600 | 0 | @a毛泽东@x生平事迹 |
| 690 | @aA752@v4 | |
| 701 | 0 | @a萧心力@4主编 |
| 801 | @aCN@bTSTC@c20040419 | |
| 905 | @b331906@dA752@e107@f1 | |
| 毛泽东与共和国重大历史事件/萧心力主编.-北京:人民出版社,2001 |
| 493页;20cm |
| ISBN 7-01-003413-3:CNY26.00 |
| ● |
| 相关链接 |
|
|
|
|
正题名:毛泽东与共和国重大历史事件
索取号:A752/107
 
预约/预借
| 序号 | 登录号 | 条形码 | 馆藏地/架位号 | 状态 | 备注 |
| 1 | 0331906 | 203319060 | 第一样本阅览室/ [索取号:A752/107] | 在馆 |